[Event "Stare Mesto op"]
[Site "Stare Mesto"]
[Date "2014.08.08"]
[Round "1"]
[White "Jandl, Vojtech"]
[Black "Simacek, Pavel"]
[Result "0-1"]
[WhiteElo "1881"]
[BlackElo "2473"]
[PlyCount "76"]
[EventDate "2014.08.08"]
[EventType "swiss"]
[EventRounds "10"]
[EventCountry "CZE"]
[SourceTitle "CBM 162 Extra"]
[Source "ChessBase"]
[SourceDate "2014.10.17"]
[SourceVersion "1"]
[SourceVersionDate "2014.10.17"]
[SourceQuality "1"]

1. d4 Nf6 2. Nf3 c5 3. e3 cxd4 4. exd4 d5 5. Bd3 Bg4 6. c3 Bxf3 7. Qxf3 g6 8. h4 Qd7 9. Bf4 Nc6 10. Nd2 Qe6+ 11. Qe3 Qxe3+ 12. fxe3 0-0-0 13. e4 dxe4 14. Nxe4 Nd5 15. Bd2 e5 16. Bg5 f6 17. Bxf6 Nxf6 18. Nxf6 exd4 19. Be4 dxc3 20. bxc3 Be7 21. 0-0 Rdf8 22. Bxc6 bxc6 23. Ne4 Bxh4 24. Rfd1 Bd8 25. Nd6+ Kb8 26. Rab1+ Bb6+ 27. Kh1 Rf4 28. g3 Ra4 29. c4 Ka8 30. Rb2 Rd8 31. Rdb1 Ra5 32. Nf7 Rd3 33. Re1 Rxg3 34. Re8+ Kb7 35. Kh2 Rga3 36. c5 Rxc5 37. Nd8+ Ka6 38. Ne6 Rcc3 0-1

[Event "Klatovy op"]
[Site "Klatovy"]
[Date "2014.07.03"]
[Round "6"]
[White "Novak, Jaromir"]
[Black "Jandl, Vojtech"]
[Result "1-0"]
[WhiteElo "1911"]
[BlackElo "1841"]
[PlyCount "73"]
[EventDate "2014.06.28"]
[EventType "swiss"]
[EventRounds "9"]
[EventCountry "CZE"]
[SourceTitle "CBM 161 Extra"]
[Source "ChessBase"]
[SourceDate "2014.08.29"]
[SourceVersion "1"]
[SourceVersionDate "2014.08.29"]
[SourceQuality "1"]

1. d4 d5 2. Nf3 Nf6 3. c4 e6 4. Nc3 Be7 5. e3 0-0 6. Bd3 b6 7. 0-0 Bb7 8. Ne5 c5 9. Ne2 Nc6 10. Nxc6 Bxc6 11. b3 Qc7 12. Bb2 Bd6 13. h3 e5 14. cxd5 Bxd5 15. dxe5 Bxe5 16. Qc2 Rfe8 17. Rfe1 Bh2+ 18. Kh1 Ne4 19. Nc3 Nxc3 20. Bxc3 Be5 21. Bxh7+ Kh8 22. Bd3 Bxc3 23. Qxc3 Qc6 24. Bf1 Re6 25. f3 f5 26. Qd3 Rf8 27. Rad1 Re5 28. Qd2 Bg8 29. Qd7 Qh6 30. Qxa7 Rf6 31. Qb8 Rxe3 32. Bc4 Rfe6 33. Rxe3 Qxe3 34. Bxe6 Qxe6 35. Qd6 Qe2 36. Qd2 Qe5 37. Re1 1-0

[Event "Klatovy op"]
[Site "Klatovy"]
[Date "2014.06.29"]
[Round "2"]
[White "Odehnal, Jaroslav"]
[Black "Jandl, Vojtech"]
[Result "1-0"]
[WhiteElo "2019"]
[BlackElo "1841"]
[PlyCount "141"]
[EventDate "2014.06.28"]
[EventType "swiss"]
[EventRounds "9"]
[EventCountry "CZE"]
[SourceTitle "CBM 161 Extra"]
[Source "ChessBase"]
[SourceDate "2014.08.29"]
[SourceVersion "1"]
[SourceVersionDate "2014.08.29"]
[SourceQuality "1"]

1. e4 c5 2. Nf3 d6 3. d4 cxd4 4. Nxd4 Nf6 5. Nc3 g6 6. Be3 Bg7 7. Bc4 Nc6 8. f3 Bd7 9. Qd2 Rc8 10. Bb3 0-0 11. g4 Ne5 12. h4 b5 13. Bh6 Qb6 14. 0-0-0 b4 15. Nd5 Nxd5 16. Bxg7 Kxg7 17. Bxd5 e6 18. Bb3 a5 19. h5 Rh8 20. h6+ Kg8 21. Qf4 Qd8 22. a4 bxa3 23. bxa3 a4 24. Ba2 Qe7 25. g5 Nc4 26. Bxc4 e5 27. Qf6 Qxf6 28. gxf6 Rxc4 29. Ne2 Rc6 30. Rd3 Be6 31. Rc3 Bc4 32. Rd1 Kf8 33. f4 exf4 34. Nxf4 Ke8 35. Rd4 Bb5 36. Rxc6 Bxc6 37. Rxd6 Bxe4 38. Nh3 g5 39. Nxg5 Bf5 40. Rd4 Rg8 41. Nf3 Rg2 42. Nd2 Bd7 43. Nc4 Rf2 44. Nd6+ Kd8 45. Nxf7+ Kc7 46. Ne5 Be8 47. f7 Bxf7 48. Nxf7 Rxf7 49. Rxa4 Kb6 50. Rh4 Kb5 51. Kb2 Rf6 52. Kb3 Rf3+ 53. c3 Rf6 54. Rh5+ Kb6 55. Kb4 Rf4+ 56. c4 Rf1 57. Rd5 Rf6 58. Rb5+ Ka6 59. Rh5 Kb6 60. a4 Rf1 61. Re5 Rf6 62. Rb5+ Ka6 63. Rh5 Kb6 64. Rh1 Rf5 65. Rd1 Rf6 66. c5+ Kc7 67. Rd6 Rf4+ 68. Kb5 Rf1 69. Re6 Rb1+ 70. Kc4 Rc1+ 71. Kd5 1-0

[Event "Klatovy op"]
[Site "Klatovy"]
[Date "2014.06.28"]
[Round "1"]
[White "Jandl, Vojtech"]
[Black "Drahorad, Daniel"]
[Result "1/2-1/2"]
[WhiteElo "1841"]
[BlackElo "2042"]
[PlyCount "32"]
[EventDate "2014.06.28"]
[EventType "swiss"]
[EventRounds "9"]
[EventCountry "CZE"]
[SourceTitle "CBM 161 Extra"]
[Source "ChessBase"]
[SourceDate "2014.08.29"]
[SourceVersion "1"]
[SourceVersionDate "2014.08.29"]
[SourceQuality "1"]

1. e4 d5 2. exd5 Nf6 3. Nf3 Nxd5 4. d4 Bg4 5. c4 Nb6 6. Be2 g6 7. Be3 Bg7 8. Nbd2 c6 9. 0-0 0-0 10. Ne5 Bxe2 11. Qxe2 N8d7 12. Rad1 Nxe5 13. dxe5 Qc8 14. b3 Qf5 15. Nf3 Rfd8 16. Bc5 Qe6 1/2-1/2